000 00422nam a2200157Ia 4500
005 20250316144328.0
008 240331s9999 xx 000 0 und d
082 _bKES
_a894
100 _aKesavan, K
245 0 _aPallu ilakkiyam oru samoogaviyal parvai :
_boru samugaviyal paarvai
260 _aShiva Kangai
_bAnam Pvt Ltd
_c1991
300 _a138 p .,
650 _aPallu Ilakkiyam
650 _aSamugaviyal
942 _cL
999 _c4086
_d4086